| 000 | 00774nam a2200253Ia 4500 | ||
|---|---|---|---|
| 003 | OSt | ||
| 005 | 20221005085358.0 | ||
| 006 | a|||||r|||| 00| 0 | ||
| 007 | ta | ||
| 008 | 221004b |||||||| |||| 00| 0 eng d | ||
| 020 |
_a9780124159617 (hbk) _c4101.26 |
||
| 024 | _a3947 | ||
| 037 |
_bCBS/342, 18/02/2013, Classic Book Service _cTextual |
||
| 040 |
_aCRL _cCRL _beng |
||
| 041 |
_2eng _aeng |
||
| 082 | _aS1-6:86, Q3 | ||
| 100 |
_aWaterhouse Lynn _9614158 |
||
| 245 | 0 |
_aRethinking autism _b Variation and complexity |
|
| 260 |
_aNew York _bElsevier U.S.A _c2013 |
||
| 300 |
_axvi, 464p. _ccm. |
||
| 650 | _aPSYCHOLOGY | ||
| 942 |
_hS1-6:86, Q3 _cTEXL _2cc |
||
| 999 |
_c994148 _d994148 |
||